000 00921nam a22003137a 4500
001 BR0601569
003 BR-BrBNA
005 20230928102119.0
007 ta
008 230509b bl.||||| |||| 00| 0 por d
040 _aBR-BrBNA
_bpor
_cBiblioteca Nacional de Agricultura
041 _a(Por)
072 _aF61; F62
_b0150
_b3820
090 _ 0150 BR0601569
100 1 _aAraújo, J.L.
110 1 _aUniversidade Federal de Lavras, MG (Brasil)
_0Tese (Mestrado)
245 1 _aAtividade da redutase do nitrato sobre o crescimento e produção de grãos de arroz
260 3 _aLavras, MG (Brasil):
_c2005.
300 _a62 p.
500 _aSummaries (Eng, Por); Bibliography p. 46-54; 9 illus.; 20 tables
650 _aARROZ
650 _aNITRATO
650 _aAMONIA
650 _aENZIMA
650 _aREDUCTASE
650 _aNUTRIÇÃO VEGETAL
909 _a202309
_bLucia
_c55
_dLucia Elande
942 _cBK
999 _c69201
_d69201